|
|
|
|
| LEADER |
00000naa a2200000 c 4500 |
| 001 |
1580672426 |
| 003 |
DE-627 |
| 005 |
20180904154026.0 |
| 007 |
tu |
| 008 |
180904s2011 xx ||||| 00| ||eng c |
| 020 |
|
|
|a 9781843925002
|
| 035 |
|
|
|a (DE-627)1580672426
|
| 035 |
|
|
|a (DE-576)510672426
|
| 035 |
|
|
|a (DE-599)BSZ510672426
|
| 040 |
|
|
|a DE-627
|b ger
|c DE-627
|e rda
|
| 041 |
|
|
|a eng
|
| 100 |
1 |
|
|a Williams, Robin
|d 1952-
|e VerfasserIn
|0 (DE-588)170425878
|0 (DE-627)060514213
|0 (DE-576)189302771
|4 aut
|
| 109 |
|
|
|a Williams, Robin 1952-
|a Williams, R. 1952-
|
| 245 |
1 |
0 |
|a Policing and forensic science
|c Robin Williams
|
| 264 |
|
1 |
|c 2011
|
| 336 |
|
|
|a Text
|b txt
|2 rdacontent
|
| 337 |
|
|
|a ohne Hilfsmittel zu benutzen
|b n
|2 rdamedia
|
| 338 |
|
|
|a Band
|b nc
|2 rdacarrier
|
| 773 |
0 |
8 |
|i Enthalten in
|t Handbook of policing
|b Second edition
|d London : Routledge, Taylor & Francis Group, 2011
|g (2011), Seite 760-793
|h XXVII, 875 Seiten
|w (DE-627)1627433198
|w (DE-576)491723032
|z 9781843923237
|z 9781843925002
|7 nnam
|
| 773 |
1 |
8 |
|g year:2011
|g pages:760-793
|
| 951 |
|
|
|a AR
|
| ELC |
|
|
|b 1
|
| LOK |
|
|
|0 000 xxxxxcx a22 zn 4500
|
| LOK |
|
|
|0 001 3024717668
|
| LOK |
|
|
|0 003 DE-627
|
| LOK |
|
|
|0 004 1580672426
|
| LOK |
|
|
|0 005 20260206111206
|
| LOK |
|
|
|0 008 180904||||||||||||||||ger|||||||
|
| LOK |
|
|
|0 040
|a DE-21-110
|c DE-627
|d DE-21-110
|
| LOK |
|
|
|0 689
|a s
|a Kriminaltechnik
|
| LOK |
|
|
|0 689
|a s
|a Tatort
|
| LOK |
|
|
|0 689
|a s
|a Beweisführung
|
| LOK |
|
|
|0 689
|a s
|a Beweismittel
|
| LOK |
|
|
|0 689
|a s
|a Geheimdienst
|
| LOK |
|
|
|0 852
|a DE-21-110
|
| LOK |
|
|
|0 852 1
|m p
|9 00
|
| LOK |
|
|
|0 938
|k p
|
| LOK |
|
|
|0 939
|a 04-09-18
|b l01
|
| ORI |
|
|
|a WA-MARC-krimdoka001.raw
|